Statistiken für Zwergstaaten der Welt

Klicken Sie hier um das Quiz zu spielen!

Allgemein

  • Dieses Quiz wurde 280 mal gespielt
  • Das Durchschnittsergebnis liegt bei 17 aus 24

Antwortstatistiken

Antwort% Korrekt
Vatikanstadt
97%
Andorra
94%
Liechtenstein
93%
Monaco
92%
San Marino
92%
St. Lucia
75%
St. Kitts und Nevis
74%
Malta
73%
Nauru
73%
St. Vincent und die Grenadinen
73%
Tuvalu
72%
Förderierte Staaten von Mikronesien
71%
Palau
70%
Singapur
69%
Grenada
68%
Barbados
67%
Tonga
67%
Antigua und Barbuda
65%
Marshallinseln
64%
Seychellen
63%
Dominica
61%
Kiribati
61%
Malediven
60%
Bahrain
50%

Verteilung der Resultate

Perzentil nach korrekt beantworteten Fragen

Anzahl Personen mit jedem Resultat

Ihre Resultats-Entwicklung

Sie haben dieses Quiz noch nicht gespielt